000 00281nam a2200121Ia 4500
008 190216s9999||||xx |||||||||||||| ||und||
100 _aAravindakshan V
245 0 _aTreasure Island
260 _bUniversity Of Calicut
_c1995
300 _a136p
650 _aEnglish
942 _cBK
999 _c13855
_d13855